| 000 | 00647nam a22001937a 4500 | ||
|---|---|---|---|
| 999 |
_c15976 _d15976 |
||
| 003 | AR-CdUCM | ||
| 008 | 190430b ||||| |||| 00| 0 spa d | ||
| 040 |
_aMUNICIPALIDAD PROVINCIAL DEL CUSCO _cBIBLIOTECA MUNICIPAL DEL CUSCO |
||
| 082 |
_aC / 863.2 / _bP26 |
||
| 100 |
_aPardo Games, Adela _935237 |
||
| 245 | _aGuía de oro de Arequipa / | ||
| 260 |
_aArequipa : _bSalesiana, |
||
| 300 |
_a329 páginas ; _c28 cm. |
||
| 505 | _aLa ciudad blanca -- canto arequipa -- Mapa del departamento de Arequipa -- La urbe -- Instituciones públicas... | ||
| 650 |
_aGuía. _93996 |
||
| 650 |
_aArequipa. _91703 |
||
| 942 |
_2ddc _cLIBROS |
||
| 945 | _awfj | ||